New dimensions of women empowerment / (Record no. 15767)

MARC details
000 -LEADER
fixed length control field 00919nam a22002657a 4500
005 - DATE AND TIME OF LATEST TRANSACTION
control field 20080926152134.0
008 - FIXED-LENGTH DATA ELEMENTS--GENERAL INFORMATION
fixed length control field 080926t xxu||||| |||| 00| 0 eng d
010 ## - LCCN (DPL NO)
LC control number ENG-91062
020 ## - INTERNATIONAL STANDARD BOOK NUMBER
International Standard Book Number 9788184500899
Terms of availability 2350.00
035 ## - SYSTEM CONTROL NUMBER
System control number EN-74595
037 ## - SOURCE OF ACQUISITION
Source of stock number/acquisition DBAD / PUB
040 ## - CATALOGING SOURCE
Original cataloging agency DPL
082 ## - DEWEY DECIMAL CLASSIFICATION NUMBER
Classification number 305.42
245 ## - TITLE STATEMENT
Title New dimensions of women empowerment /
Statement of responsibility, etc edited by Ajit Kumar Sinha
260 ## - PUBLICATION, DISTRIBUTION, ETC. (IMPRINT)
Place of publication, distribution, etc New Delhi
Name of publisher, distributor, etc Deep & Deep Publications
Date of publication, distribution, etc 2008
300 ## - PHYSICAL DESCRIPTION
Extent xxviii,755p.
Dimensions 23cm.(Hb)
500 ## - GENERAL NOTE
General note Includes index
650 ## - SUBJECT ADDED ENTRY--TOPICAL TERM
Topical term or geographic name as entry element Women in development
Geographic subdivision India
650 ## - SUBJECT ADDED ENTRY--TOPICAL TERM
Topical term or geographic name as entry element Women's rights
Geographic subdivision India
650 ## - SUBJECT ADDED ENTRY--TOPICAL TERM
Topical term or geographic name as entry element Women
General subdivision Government policy
Geographic subdivision India
700 ## - ADDED ENTRY--PERSONAL NAME
Personal name Aneet
700 ## - ADDED ENTRY--PERSONAL NAME
Personal name Ramanjeet Singh
942 ## - ADDED ENTRY ELEMENTS (KOHA)
Source of classification or shelving scheme Dewey Decimal Classification
Item type English Books
Classification part 305.42
Call number suffix NEW
Holdings
Withdrawn status Lost status Source of classification or shelving scheme Damaged status Not for loan Home library Current library Date acquired Source of acquisition Cost, normal purchase price Total Checkouts Full call number Barcode Date last seen Cost, replacement price Koha item type
    Dewey Decimal Classification   Not For Loan D.B.Act.Division D.B.Act.Division 29/09/2008 DBAD / PUB 2350.00   305.42 NEW EN-74595 29/09/2008 2350.00 English Books

© Delhi Public Library
Hit Counter
free hit counter